000
00319nam a2200121Ia 4500
005
20260328104313.0
008
260328s9999||||xx |||||||||||||| ||und||
245
0
_a
What Life was Like in Europe's golden age Northern Europe Ad 1500-1675 /
260
_b
Time Life
300
_a
144 p.
650
_a
EUROPA
942
_c
REF
999
_c
11049
_d
11049